Todo sobre bótox : (Registro nro. 10882)

Detalles MARC
000 -LIDER
fixed length control field 00946cam a2200313 4500
001 - NÚMERO DE CONTROL
Identificador de número de control a45287
003 - IDENTIFICACDOR DE NÚMERO DE CONTROL
control field DO-SdBNP
005 - DATE AND TIME OF LATEST TRANSACTION
control field 20171110095752.0
007 - CAMPOS FIJOS DE DESCRIPCIÓN FÍSICA
fixed length control field a45287
008 - ELEMENTOS DE LONGITUD FIJA
fixed length control field 090520s2005 sp a | |||| 001 0 spa
015 ## - NÚMERO DENTRO DE LA BIBLIOGRAFÍA NACIONAL
National bibliography number
017 ## - NÚMERO DE REGISTRO DE DERECHOS DE AUTOR
Copyright or legal deposit number
Assigning agency
020 ## - ISBN
International Standard Book Number 978770053X
035 ## - NÚMERO LOCAL
System control number
040 ## - FUENTE DE CATALOGACIÓN
Agencia que crea de manera original el registro BPMSU
Idioma de catalogación spa
Agencia que realiza la transcripción BPMSU
Convenciones de la despripción
080 ## - NÚMERO DE CLASIFICACIÓN DECIMAL UNIVERSAL
Universal Decimal Classification number
082 #4 - NÚMERO DE CLASIFICACIÓN DECIMAL DE DEWEY
Classification number 615.778
Item number K16t
100 1# - ASIENTO PRINCIPAL -- NOMBRE PERSONAL
Nombre personal Kane, Michael A. C.
Fechas asociadas con el nombre
245 13 - MENCIÓN DE TITULO
Título Todo sobre bótox :
Medio (Designación general de material)
Subtítulo un experto explica lo que usted necesita saber sobre el maravilloso procedimiento qu elimina las arrugas y le brinda una apariencia juvenil /
Mención de responsabilidad Michael A. C. Kane
250 ## - MENCIÓN DE EDICION
Mención de edición
260 ## - PUBLICACIÓN, DISTRIBUCIÓN, ETC. (PIE DE IMPRENTA)
Lugar de publicación, distribución, etc Madrid :
Nombre del editor, distribuidor, etc. Aguilar
Fecha de publicación, distribución, etc 2005
300 ## - DESCRIPCIÓN FÍSICA
Extensión 266 p. ;
Otros detalles físicos il. :
Dimensiones 23 cm
500 ## - NOTA GENERAL
Nota general
650 #4 - ENCABEZAMIENTO DE MATERIA--TEMÁTICO
Término temático o nombre geográfico como elemento de entrada TOXINAS BOTULINICAS
Subdivisión temática general USO TERAPÉUTICO
910 ## - VALIDACIÓN
Validación Validado. Control de calidad MFF
942 ## - ADDED ENTRY ELEMENTS (KOHA)
Source of classification or shelving scheme Dewey Decimal Classification
Koha item type Libros
945 ## - INFORMACIÓN DE PROCESAMIENTO LOCAL
Información de procesamiento local Inventariado, 2017/MFF
956 ## - LOCAL ELECTRONIC LOCATION AND ACCESS (OCLC)
Nombre de host VMATEO
Número de acceso 10
Información de compresión 20160714
Trayectoria BPMSU
Nombre Electrónico 00069
Existencias
Withdrawn status Lost status Source of classification or shelving scheme Damaged status Not for loan Collection code Home library Current library Date acquired Source of acquisition Total Checkouts Full call number Barcode Date last seen Price effective from Koha item type Copy number
    Dewey Decimal Classification     Colección General Biblioteca Pública Metropolitana Salomé Ureña Biblioteca Pública Metropolitana Salomé Ureña 07/14/2016 Donativo-Alfaguara   615.778 K16t BPMSU16070473 07/14/2016 07/14/2016 Libros  
    Dewey Decimal Classification     Colección General Biblioteca Pública Metropolitana Salomé Ureña Biblioteca Pública Metropolitana Salomé Ureña 08/31/2016 Donativo-Alfaguara   615.778 K16t BPMSU16080329 08/31/2016 08/31/2016 Libros e. 2
    Dewey Decimal Classification     Colección General Biblioteca Pública Metropolitana Salomé Ureña Biblioteca Pública Metropolitana Salomé Ureña 08/31/2016 Donativo-Alfaguara   615.778 K16t BPMSU16080330 08/31/2016 08/31/2016 Libros e.3